Países en 60 Grados Oeste - Estadísticas

Estadísticas generales
  • Esta prueba ha sido intentada 35 veces
  • La puntuación promedio es 16 de 20
Estadísticas de respuestas
grados país % Correcto
Argentina
94%
Brasil
94%
Guyana
94%
1.92° Surinam
94%
Venezuela
94%
Paraguay
91%
1.55° Uruguay
91%
Bolivia
88%
0.50° Trinidad y Tobago
88%
0.35° Barbados
84%
1.42° Granada
84%
0.87° Santa Lucía
84%
Canadá
78%
6.90° Colombia
78%
1.24° Dominica
78%
2.54° San Cristóbal y Nieves
78%
1.12° San Vicente y las Granadinas
78%
1.66° Antigua y Barbuda
75%
Groenlandia
28%
3.01° Sint Maarten
0%
No se encontraron pruebas coincidentes
Distribución de puntuación
Porcentaje de gente con cada puntuación
Porcentaje por número respondido
Historial de tus puntuaciones
No has intentado esta prueba.